000 00378nam a2200145Ia 4500
008 230917s9999||||xx |||||||||||||| ||und||
040 _e144678
_aMAIN
041 _aEnglish
082 _a150 A32E
100 _aAbdi, Herve
245 0 _aExperimental design and analysis for Psychology
260 _aNew York
_bOxford University Press
_c2009
300 _a538 p.
942 _cBK
999 _c153511
_d153511